| 000 | 00714nam a22002177a 4500 | ||
|---|---|---|---|
| 999 |
_c11800 _d11800 |
||
| 003 | AR-CdUCM | ||
| 008 | 190405b ||||| |||| 00| 0 spa d | ||
| 040 |
_aMUNICIPALIDAD PROVINCIAL DEL CUSCO _cBIBLIOTECA MUNICIPAL DEL CUSCO |
||
| 082 |
_aES / 803.61 / _bAN62 |
||
| 110 |
_aInstituto nacional de cultura _99 |
||
| 245 | _aAntología de cuentos en español / | ||
| 260 |
_aCusco : _bInstituto Nacional de Cultura, _c2008. |
||
| 300 |
_a140 paginas ; _bIlustraciones, graficos, dibujos, _c21 cm. |
||
| 500 | _aAntologia de cuentos | ||
| 650 |
_aAntologia _9142 |
||
| 650 |
_aCuentos _9217 |
||
| 650 |
_aHistoria _9136 |
||
| 650 |
_aTextos educativos _910256 |
||
| 942 |
_2ddc _cLIBROS |
||
| 945 |
_apjha _d2019-04-05 |
||